=LDR 00000nam 2200000 4500 =001 INLIS000000000020837 =005 20130612115744 =008 ***********************************Ind** =035 ##$$0010-061300000020837 =041 ##$$a Ind =090 ##$$a 552.46, Bro p =100 ##$$a Brooks,Felicity =245 ##$$a Laut dan samudera, Felicity Brooks; alih bahasa, Wasi Dewanto =260 ##$$a 2004 $b Bandung =300 ##$$a 32 hlm., ilus., 25 cm =650 ##$$a Samudra =700 ##$$a Dewanto,Wasi =850 ##$$a NBPNMAT